Técnica del cine animado /

Guardado en:
Detalles Bibliográficos
Autor principal: Halas, John (autor)
Otros autores: Manvell, Roger (autor) (autor)
Formato: Libro
Idioma:Español
Publicado: Madrid, España : Taurus, 1963, c1963
Colección:(Secuencia)
Temas:
Etiquetas: Agrega una etiqueta
Sin etiquetas, Sé el primero en etiquetar este registro!

MARC

LEADER 00000nam^a2200000^a^4500
001 000009083
005 20250521000000.0
009 20260310083612.222
037 |a Acervo ITESO - Biblioteca 
041 |a ESP 
082 |a 302. 235211  |b HAL 
100 |a Halas, John  |e (autor) 
245 1 0 |a Técnica del cine animado /  |c J. Halas, R. Manvell ; tr. por Eduardo Ducay, Juan Cobos. 
264 4 |a Madrid, España :  |b Taurus,  |c 1963, c1963 
300 |a 202 p. 
336 |a texto  |b txt  |2 rdacontenido 
337 |a sin mediación  |b n  |2 rdamedio 
338 |a volumen  |b nc  |2 rdasoporte 
440 1 |a (Secuencia) 
500 |a Traducción de: The Technique of Film Animation 
649 |a XX 
650 |a Cine de Animación -  |x Tema Principal 
650 |a Cine de Animación -  |x Técnica 
650 |a Medios Audiovisuales 
650 |a Medios de Comunicación 
650 |a Comunicación Masiva 
700 |a Manvell, Roger  |e (autor) 
910 |a Fondo General 
920 |a Impresos - Libros 
930 |a Colección General 
905 |a 101 
901 |a 0500096857  |b IT1  |c ACC  |i 009083  |u 20250521 
902 |a https://opac.biblio.iteso.mx/vufind/Record/000009083